00344nam a2200133 a 45000010010000000030011000100080041000210350026000620820014000881000022001022450034001242600033001586500019001910000-9274ELIB.Books110520 1973  a(ELIB.Books)0000-9426 a270 bEdw aEdwards, David L. aWhat is real in Christianity? bLondon: Fontana Books c1973 aChurch History